Po francúzsky za 3 týždne
| Main Authors: | , |
|---|---|
| Other Authors: | , |
| Format: | Book |
| Language: | Slovak French English |
| PhysicalDescription: | 174 s. 18 cm 1 audio CD |
| Published: |
Bratislava
Slovenské pedagogické nakladateľstvo - Mladé letá
2009
|
| ISBN: | 9788010017584 |
| Edition: | 1. vyd. |
| Series: | Jazyky pre všetkých
|
| Subjects: |
MARC
| LEADER | 00000cam a2200000 a 4500 | ||
|---|---|---|---|
| 001 | vtls010066450 | ||
| 003 | SK-MaSNL | ||
| 005 | 20260301143858.0 | ||
| 008 | 240314s2009 xo g f 000 0 slo | ||
| 015 | |a SNBA2010/06-03117 | ||
| 020 | |a 9788010017584 |q (brož.) | ||
| 040 | |a SNK |b slo |c SNK |e AACR2 | ||
| 041 | 1 | |a slo |a fre |h eng |h fre | |
| 044 | |a xo |c SK | ||
| 072 | 7 | |a 811.133.1 |x Francúzština |2 konspekt | |
| 080 | |a 811.133.1 |2 2001 | ||
| 080 | |a 81'24 |2 2001 | ||
| 080 | |a (035) |2 2001 | ||
| 100 | 1 | |a Craig, Stephen |4 aut |9 501457 | |
| 240 | 1 | 0 | |a Instant french! |l Slovensky |
| 245 | 1 | 0 | |a Po francúzsky za 3 týždne |c Stephen Craig, Jean Michel Ravier ; [z angl.-fran. orig. preložili, doplnili a upravili Veronika Berkešová, Ján Taraba ] |
| 250 | |a 1. vyd. | ||
| 260 | |a Bratislava |b Slovenské pedagogické nakladateľstvo - Mladé letá |c 2009 | ||
| 300 | |a 174 s. |c 18 cm |e 1 audio CD | ||
| 490 | 1 | |a Jazyky pre všetkých | |
| 504 | |a Franc.-slov. a slov.-franc. slovník | ||
| 650 | 0 | 7 | |a francúzština |2 SNKPH |9 1355 |
| 650 | 0 | 7 | |a konverzácia |2 SNKPH |9 49849 |
| 655 | 7 | |a príručky |2 SNKPH |9 74364 | |
| 700 | 1 | |a Berkešová, Veronika |4 trl |4 oth |9 501458 | |
| 700 | 1 | |a Taraba, Ján |4 trl |4 oth |9 276943 | |
| 700 | 1 | |a Ravier, Jean-Michel |4 aut |9 501459 | |
| 830 | 0 | |a Jazyky pre všetkých |9 320211 | |
| 852 | |a Štátna vedecká knižnica v Banskej Bystrici | ||
| 919 | |a 978-80-10-01758-4 | ||
| 968 | |d 81 | ||
| 999 | |c 775109 |d 777039 | ||
| 952 | |a SNK |b SNK |y PREZ |7 0 |p 17A0659496 |o snkSD 79143 |i snk2010/10475 |8 0 |3 Príloha: 1 audio CD |0 0 |1 0 |4 0 |d 2010-05-19 |l 0 |r 2025-11-26 00:00:00 |w 2026-02-24 | ||
| 952 | |a SNK |b SNK |y PREZ |7 0 |p 17A0659497 |o snkSD 79143/príl. |i snk2010/10475 |8 0 |3 Príloha: 1 audio CD |z Príloha |0 0 |1 0 |4 0 |d 2010-05-19 |l 0 |r 2025-11-26 00:00:00 |w 2026-02-24 | ||
| 952 | |a SNK |b SNK |y VYP |7 0 |p 17A0659494 |o snkSD 79143 D1 |i snk2010/10476 |8 0 |3 Príloha: 1 audio CD |0 0 |1 0 |4 0 |d 2010-05-19 |l 0 |r 2017-06-30 00:00:00 |w 2026-02-24 | ||
| 952 | |a SNK |b SNK |y VYP |7 0 |p 17A0659495 |o snkSD 79143/príl. D1 |i snk2010/10476 |8 0 |3 Príloha: 1 audio CD |z Príloha |0 0 |1 0 |4 0 |d 2010-05-19 |l 0 |r 2017-06-30 00:00:00 |w 2026-02-24 | ||


